000 00603nam a22002177a 4500
003 UA-OsUOA
001 87097
007 ta
008 20120914b un ||||| |||| 00| 0 ukr d
090 _a821.161.2
_bП35
942 _cBK
040 _aUA-OsUOA
_bukr
_cUA-OsUOA
_dUA-OsUOA
245 _aПисьменники Радянської України
300 _a264 с.
955 _a1
041 _aukr
080 _a821.161.2
260 _aК.
_bРадянський письменник
_c1984
650 7 _a82 Література. Літературознавство
_2UDC
999 _c373388
_d373388